01298 2200601 4500001002100000005001500021035002000036245005900056100002200115300002800137260003100165082000800196084001400204020002200218990001200240990001200252990001200264990001200276990001200288990001200300990001200312990001200324990001200336990001200348990001200360990001200372990001200384990001200396990001200408990001200420990001200432990001200444990001200456990001200468990001200480990001200492990001200504990001200516990001200528990001200540990001200552990001200564990001200576990001200588990001200600990001200612990001200624990001200636990001200648990001200660990001200672990001200684INLIS00000000000265520250903073619 a0010-09250000021 aSosiologi 2 ( Kurikulum Merdeka ) /cEpifanius Solanta0 aEpifanius Solanta a141 hlm ;c21 x 26,5 cm aBogor :bYudhistira,c2025 a301 a301 EPI s a978-623-518-455-5 a0755442 a0755443 a0755444 a0755445 a0755446 a0755447 a0755448 a0755449 a0755450 a0755451 a0755452 a0755453 a0755454 a0755455 a0755456 a0755457 a0755458 a0755459 a0755460 a0755461 a0755462 a0755463 a0755464 a0755465 a0755466 a0755467 a0755468 a0755469 a0755470 a0755471 a0755472 a0755473 a0755474 a0755475 a0755476 a0755477 a0755478 a0755479